000 00292nam a22001337a 4500
008 170925b xxu||||| |||| 00| 0 eng d
020 _a9780312419325
041 _aeng
080 _27TH
_a37
100 _a46
101 _aEDU
245 _aTHE BEDFORD HANDBOOK
_cHACKER,D
942 _2udc
_cBK
999 _c29642
_d29642